Normal view
MARC view
Entry Meeting Name
001 - CONTROL NUMBER
- control field: 2003
003 - CONTROL NUMBER IDENTIFIER
- control field: ARRUPE
005 - DATE AND TIME OF LATEST TRANSACTION
- control field: 20131002110805.0
008 - FIXED-LENGTH DATA ELEMENTS
- fixed length control field: 131002|| aca||aabn | a|a d
040 ## - CATALOGING SOURCE
- Original cataloging agency: ARRUPE
- Transcribing agency: ARRUPE
111 ## - HEADING--MEETING NAME
- Meeting name or jurisdiction name as entry element: ITEST Workshop
- Date of meeting: (2000 :
- Location of meeting: Saint Louis, Mo.)
670 ## - SOURCE DATA FOUND
- Source citation: Work cat.: (ARRUPE)0: ITEST Workshop (2000 : Saint Louis, Mo.), Christianity and the human body :, c2001.